A textbook of economic theory / (Record no. 46932)
[ view plain ]
| 000 -LEADER | |
|---|---|
| fixed length control field | 00730nam a2200241 a 4500 |
| 001 - CONTROL NUMBER | |
| control field | 46932 |
| 003 - CONTROL NUMBER IDENTIFIER | |
| rucl marc code | BD-RjUL |
| 005 - DATE AND TIME OF LATEST TRANSACTION | |
| control field | 20211209054231.0 |
| 008 - FIXED-LENGTH DATA ELEMENTS--GENERAL INFORMATION | |
| fixed length control field | 160806m19611953enka b 001 0 eng |
| 035 ## - SYSTEM CONTROL NUMBER | |
| System control number | (BD-RjUL)47051 |
| 040 ## - CATALOGING SOURCE | |
| Original cataloging agency | DLC |
| Transcribing agency | DLC |
| Modifying agency | EQO |
| -- | BD-RjUL |
| Language of cataloging | eng |
| 041 ## - LANGUAGE CODE | |
| Language code of text/sound track or separate title | eng |
| 082 00 - DEWEY DECIMAL CLASSIFICATION NUMBER | |
| Classification number | 330.1 |
| Edition number | 23 |
| Author mark and year | STT 1961 |
| 100 1# - MAIN ENTRY--PERSONAL NAME | |
| Personal name | Stonier, Alfred W. |
| Fuller form of name | (Alfred William), |
| Dates associated with a name | 1905- |
| 9 (RLIN) | 7897 |
| 245 12 - TITLE STATEMENT | |
| Title | A textbook of economic theory / |
| Statement of responsibility, etc. | Alfred W. Stonier, Douglas C. Hague. |
| 260 ## - PUBLICATION, DISTRIBUTION, ETC. (IMPRINT) | |
| Place of publication, distribution, etc. | London : |
| Name of publisher, distributor, etc. | Longman, |
| Date of publication, distribution, etc. | 1961 |
| 300 ## - PHYSICAL DESCRIPTION | |
| Pagination | x, 513 p. : |
| Illustrations | ill. ; |
| Size | 23 cm. |
| 504 ## - BIBLIOGRAPHY, ETC. NOTE | |
| Bibliography, etc | Includes bibliograpies and index. |
| 650 #0 - SUBJECT ADDED ENTRY--TOPICAL TERM | |
| Topical term or geographic name as entry element | Economics. |
| 9 (RLIN) | 7898 |
| 700 1# - ADDED ENTRY--PERSONAL NAME | |
| Personal name | Hague, Douglas Chalmers. |
| 942 ## - ADDED ENTRY ELEMENTS (KOHA) | |
| Source of classification or shelving scheme | Dewey Decimal Classification |
| Koha item type | Books |
| Lost status | Source of classification or shelving scheme | Damaged status | Not for loan | Collection code | Permanent Location | Current Location | Shelving location | Date acquired | Source of acquisition | Cost, normal purchase price | Total Checkouts | Full call number | Date last seen | Copy number | Koha item type |
|---|---|---|---|---|---|---|---|---|---|---|---|---|---|---|---|
| Dewey Decimal Classification | Non-fiction | Central Library, University of Rajshahi | Central Library, University of Rajshahi | 15/03/1963 | Zeetlinger | 30.00 | 330.1 STT 1961 | 06/08/2016 | C-2 | Books |